| 000 | 00912nam a2200241Ia 4500 | ||
|---|---|---|---|
| 003 | OSt | ||
| 005 | 20220923220853.0 | ||
| 006 | a|||||r|||| 00| 0 | ||
| 007 | ta | ||
| 008 | 220922b |||||||| |||| 00| 0 hin d | ||
| 024 | _a191,722 | ||
| 037 | _cTextual | ||
| 040 |
_aARTS _cARTS _bhin |
||
| 041 |
_2hin _ahin |
||
| 082 | _aV2.C, 152K9 | ||
| 100 |
_aशास्त्री, के0 ए0 नीलकण्ड, संपा. _9164735 |
||
| 245 | 0 | _aनंद मौर्य युगीन भारत, अनु मंगलनाय सिंह | |
| 246 | _aNanda maurya yugīn bhārata, anu0 hingalanāya sianha | ||
| 260 |
_aदिल्ली _b मोतीलाल बनारसी दास _c1969 |
||
| 300 |
_a506पृ. _ccm. |
||
| 942 |
_hV2.C, 152K9 _cTEXL _2CC |
||
| 999 |
_c344378 _d344378 |
||